000 003270000a22001450004500
060 _a100
082 _a581.6340954 BAS.03
100 _aBasu, B D
245 _aIndian Medicinal Plants
260 _aBishen singh Mahendra pal singh
260 _c1975
300 _a779
650 _aMedicinal plants - India
942 _cBK
999 _c346687
_d346687